Microservice Architecture for Streaming Data Processing
Uložené v:
| Hlavný autor: | |
|---|---|
| Ďalší autori: | |
| Médium: | Rukopis Kniha |
| Jazyk: | Slovak English |
| Vydavateľské údaje: |
2023
|
| Predmet: | |
| On-line prístup: | http://is.stuba.sk/zp/portal_zp.pl?podrobnosti=173758 |
| Tagy: |
Žiadne tagy, Buďte prvý, kto otaguje tento záznam!
|
MARC
| LEADER | 00000ntm a22000003a 4500 | ||
|---|---|---|---|
| 001 | stuzp94442 | ||
| 003 | SK-STU | ||
| 005 | 20230909222124.9 | ||
| 007 | ta | ||
| 008 | 150427s2015----xo-----f-mn---000-0-slo-d | ||
| 040 | |a STU |b slo | ||
| 041 | 0 | |a eng | |
| 100 | 1 | |a Bazarkhanova, Dinara |u 047220 |4 aut |U FCHPT Ústav informatizácie, automatizácie a matematiky |T FCHPT Oddelenie informatizácie a riadenia procesov |X 112243 |U C7220 |Y 121 |7 112243 | |
| 242 | 0 | 1 | |a Microservice architecture for streaming data processing |y slo |
| 245 | 1 | 0 | |a Microservice Architecture for Streaming Data Processing |
| 260 | |c 2023 | ||
| 650 | 4 | |a Strojové učenie bez dozoru |2 slo | |
| 650 | 4 | |a detektor anomálií |2 slo | |
| 650 | 4 | |a RiverML |2 slo | |
| 650 | 4 | |a Streamz |2 slo | |
| 650 | 4 | |a v reálnom čase |2 slo | |
| 650 | 4 | |a architektúra mikroslužieb |2 slo | |
| 650 | 4 | |a Unsupervised Machine Learning |2 eng | |
| 650 | 4 | |a Anomaly Detection |2 eng | |
| 650 | 4 | |a Real-time |2 eng | |
| 650 | 4 | |a RiverML |2 eng | |
| 650 | 4 | |a Streamz |2 eng | |
| 650 | 4 | |a Microservice Architecture |2 eng | |
| 700 | 1 | |a Kvasnica, Michal |u 047000 |k Z1 |4 ths |U FCHPT Fakulta chemickej a potravinárskej technológie |T FCHPT Ústav informatizácie, automatizácie a matematiky |X 38267 |U C7000 |Y 105 |7 A000038267 | |
| 856 | 4 | |u http://is.stuba.sk/zp/portal_zp.pl?podrobnosti=173758 | |